1653 1915 1526 1789 1897 1557 1348 1611 1503 1993 1691 1750 1874 1141 1642 1994 1501 1747 1902 1670 1793 1398 1967 1267 1348 1685 1793 1610 1028 1751 1304 1967 1652 1832 1248 1352 1727 1182 1760 1162 1710 1146 1280 1169 1508 1981 1664 1617 1660 1871 1950 1951 1973 1369 1583 1840 1378 1796 1743 1968 1884 1062 1895 1864 1127 1464 1958 1754 1547 1662 1655 1422 1489 1691 1182 1482 1607 1614 1224 1057 1212 1429 1936 1099 1305 1613 1264 1993 1252 1985 1343 1501 1012 1452 1593 1588 1031 1975 1198 BCNSPRNW ULIB Ver.6.0+V

เปลี่ยนเป็นภาษาไทย

Change to English
 แสดงรายละเอียดบรรณานุกรม
  กลับหน้าหลัก

Brief Record : Get Marc (ISO 2709) : E-mail record : QR code < ปิดหน้าต่าง
LEADER : 00000nam 2200000uu 4500
001    13399114776
003     ULIB
008    120517s2554||||th 000 0 tha d
020    ^a9786161106782
050  4 ^aDS586^bร146 2554
245 00 ^aร่มเกล้า ปกฟ้า สาธารณสุขไทย /^cกาญจนา กาญจนสินิทธิ์ ; บรรณาธิการ
250    ^aพิมพ์ครั้งที่ 1
260    ^aนนทบุรี :^bกระทรวงสาธารณสุข,^c2554
300    ^a163, [4] หน้า :^bภาพประกอบ ;^c23 ซม.
500    ^aSend to Single Search
600 04 ^aภูมิพลอดุลยเดช, พระบาทสมเด็จพระปรมินทรมหา,^d2470-
650  4 ^aสาธารณสุข^zไทย
700 0  ^aกาญจนา กาญจนสินิทธิ์,^eบรรณาธิการ
710 2  ^aกระทรวงสาธารณสุข
945    ^p0^l0^i19059
945    ^p0^l0^i19060
995    ^aกัณชพร
999 ^a ใช้งานได้ทุกระบบ
รายการนี้ยังไม่มีแท็ก
คุณยังไม่ได้ล็อกอิน คุณสามารถมีกิจกรรมร่วมกับเว็บไซต์ได้ แต่ต้องล็อกอินก่อน ::
  ล็อกอิน

รายการสื่อสารสนเทศ

ลำดับที่ ประเภท เลขเรียก/บาร์โค้ด สถานที่ สถานะ
- ไม่พบข้อมูล -

BibComment


ยังไม่เคยถูกคอมเมนท์

คอมเมนท์ทรัพยากรรายการนี้
  คอมเมนท์: ร่มเกล้า ปกฟ้า ส..


 Copyright 2026. Bcnsprnw @Library